000 00428nam a22001457a 4500
003 OSt
005 20251014084006.0
008 251014b |||||||| |||| 00| 0 eng d
020 _a9789966001191
040 _cSTORYMOJA
050 _aHQ, 750 .F67 2011
_b1
245 _aLET ME TELL YOU
_bKENYAN COASTAL GIRLS TALK ABOUT LOVE, SCHOOL, SEX AND FOOTBALL
_cSARAH FORDE
260 _aNAIROBI, KENYA
_bSTORYMOJA
_c2011
942 _2lcc
_cBK
_n0
999 _c9586
_d9586